kku e-library facility

Mathematical Physics (Record no. 213)

MARC details
000 -LEADER
fixed length control field 00400nam a2200133 4500
005 - DATE AND TIME OF LATEST TRANSACTION
control field 20260410123534.0
008 - FIXED-LENGTH DATA ELEMENTS--GENERAL INFORMATION
fixed length control field 260410b |||||||| |||| 00| 0 eng d
020 ## - INTERNATIONAL STANDARD BOOK NUMBER
International Standard Book Number 81-219-1469-8
100 ## - MAIN ENTRY--PERSONAL NAME
Personal name Dass H. K & Verma Rama
245 ## - TITLE STATEMENT
Title Mathematical Physics
Statement of responsibility, etc. /H.K Dass & Rama Verma
260 ## - PUBLICATION, DISTRIBUTION, ETC.
Place of publication, distribution, etc. New Delhi, India;
Name of publisher, distributor, etc. S. Chand & Company PVT LTD;
Date of publication, distribution, etc. 1997
300 ## - PHYSICAL DESCRIPTION
Extent xvii,1379p.ill;
Dimensions 23.5cm
942 ## - ADDED ENTRY ELEMENTS (KOHA)
Source of classification or shelving scheme Library of Congress Classification
Suppress in OPAC No
Koha item type Books

No items available.

©2025 All rights reserved. KKU